[Event "RUS-ch 54th"]
[Site "Elista"]
[Date "2001.05.06"]
[Round "6"]
[White "Yakovich, Yuri"]
[Black "Najer, Evgeniy"]
[Result "1/2-1/2"]
[WhiteElo "2577"]
[BlackElo "2600"]
[Annotator "Hecht,H"]
[PlyCount "83"]
[EventDate "2001.04.29"]
[EventType "swiss"]
[EventRounds "9"]
[EventCountry "RUS"]
[SourceTitle "CBM 083"]
[Source "ChessBase"]
[SourceDate "2001.07.05"]
[SourceVersion "1"]
[SourceVersionDate "2001.07.05"]
[SourceQuality "1"]

1. d4 Nf6 2. c4 g6 3. Nc3 d5 4. Qb3 dxc4 5. Qxc4 Bg7 6. e4 O-O 7. Be2 Na6 8.
Nf3 c5 9. d5 e6 10. O-O exd5 11. exd5 Bf5 12. Be3 Re8 13. Rad1 Qb6 14. d6 h6
15. Na4 Qc6 16. Qb5 Bd7 17. Qxc6 Bxc6 18. b3 Nd7 19. Bxa6 bxa6 20. Nxc5 Rxe3
21. fxe3 Nxc5 22. Rc1 Bxf3 23. gxf3 Ne6 24. Rc6 Rd8 25. Rxa6 Rd7 26. Rc1 Be5
27. f4 Rxd6 28. Rxa7 Bf6 29. Rc2 Kg7 30. Kf1 g5 31. f5 Nd8 32. Ra5 g4 33. e4
Rd1+ 34. Ke2 Rh1 35. Kd3 Rd1+ 36. Rd2 Rc1 37. e5 Bg5 38. Rc2 Rxc2 39. Kxc2 Nc6
40. Rc5 Nd4+ 41. Kd3 Nf3 42. Ke2 (42. Ke4 $5 Nxh2 43. Rc8 g3 44. f6+ $6 (44.
Rc3 Bh4 45. Rc1 $13) 44... Kg6 45. Rg8+ Kh5 46. e6 fxe6 47. f7 g2 48. f8=Q g1=Q
49. Qf7+ Kh4 50. Qxe6 $17) (42. Ke2 Nxh2 $132 {[%cal Rg4g3,Rg3g2,Rg5e3]})
1/2-1/2

[Event "Moscow Aeroflot op"]
[Site "Moscow"]
[Date "2002.02.06"]
[Round "3"]
[White "Gershon, Alik"]
[Black "Karjakin, Sergey"]
[Result "0-1"]
[WhiteElo "2558"]
[BlackElo "2460"]
[Annotator "Hecht,H"]
[PlyCount "96"]
[EventDate "2002.02.04"]
[EventType "swiss"]
[EventRounds "9"]
[EventCountry "RUS"]
[SourceTitle "CBM 088"]
[Source "ChessBase"]
[SourceDate "2002.03.21"]
[SourceVersion "1"]
[SourceVersionDate "2002.03.21"]
[SourceQuality "1"]

1. d4 Nf6 2. c4 g6 3. Nc3 d5 4. Nf3 Bg7 5. Qb3 dxc4 6. Qxc4 O-O 7. e4 a6 8. e5
Nfd7 9. Qb3 Nb6 10. Be3 Be6 11. Qc2 Nc6 12. a3 Nd5 13. Nxd5 Bxd5 14. Rd1 Bxf3
15. gxf3 e6 16. h4 h5 17. Qe4 Ne7 18. Bg5 Qd7 19. Bh3 c6 20. O-O Kh7 21. Rd3
Bh6 22. f4 Bxg5 23. fxg5 Rad8 24. Rfd1 Qc7 25. Rf3 Nf5 26. Bxf5 gxf5 27. Qc2
Rd5 28. b4 Rfd8 29. Rfd3 Kg6 30. Qc4 Qb6 31. f4 a5 32. Kf2 axb4 33. axb4 Ra8
34. Kf3 Ra4 35. Rb1 Qa7 36. Qc3 Ra2 37. b5 Rh2 38. Ra1 Rh3+ 39. Ke2 Rxd3 40.
Kxd3 {[#] Angreifbarer weißer Zentralkönig} Qb6 41. bxc6 bxc6 42. Ke3 c5 43.
Rd1 Qb5 44. Qc2 (44. Rd3 Qb1 $1 {[%csl Rf4,Rh4][%cal Yb1h1,Yh1e4]} (44... c4 $5
45. Rd1 Qc6 $17 {[%csl Re4]}) 45. dxc5 Qg1+ 46. Ke2 Rxc5 $19) (44. Kf2 cxd4 45.
Rxd4 Qb6 46. Ke3 Rc5 47. Qd2 Rc4 48. Qd3 Rb4 $40) 44... Qb4 45. Kf3 cxd4 46.
Rb1 Qa3+ 47. Rb3 Qa8 48. Kg3 Rd8 $40 {aber ganz klar ist die Sache noch nicht.}
0-1

[Event "Budapest m"]
[Site "Budapest"]
[Date "2000.01.05"]
[Round "3"]
[White "Khalifman, Alexander"]
[Black "Leko, Peter"]
[Result "1/2-1/2"]
[WhiteElo "2628"]
[BlackElo "2701"]
[Annotator "Hecht,H"]
[PlyCount "143"]
[EventDate "2000.01.03"]
[EventType "match"]
[EventRounds "6"]
[EventCountry "HUN"]
[SourceTitle "CBM 075"]
[Source "ChessBase"]
[SourceDate "2000.04.05"]
[SourceVersion "1"]
[SourceVersionDate "2000.04.05"]
[SourceQuality "1"]

1. d4 Nf6 2. c4 g6 3. Nc3 d5 4. Nf3 Bg7 5. Qb3 dxc4 6. Qxc4 O-O 7. Bf4 c6 8. e4
Qa5 9. b4 Qd8 10. Rb1 b5 11. Qd3 a5 12. a3 Nh5 13. Be3 axb4 14. axb4 f5 15. Qd1
fxe4 16. Ng5 e5 17. Qb3+ Kh8 18. Nf7+ Rxf7 19. Qxf7 exd4 20. Bg5 Qf8 21. Qxf8+
Bxf8 22. Nxe4 Na6 23. Bd2 Bf5 24. f3 Nf6 25. Bd3 Re8 26. g4 Bxe4 27. Bxe4 c5
28. bxc5 Nxe4 29. fxe4 Rxe4+ 30. Kf2 Nxc5 31. Rxb5 Re8 32. Kf3 Nd3 33. Rd5 Bg7
34. Rf1 Ne5+ 35. Kg3 Nc4 36. Re1 Ne3 37. Bxe3 dxe3 38. Kf3 Bh6 39. g5 Bg7 40.
Rxe3 Rxe3+ 41. Kxe3 {[#] Das Endspiel gilt trotz des weißen Raumvorteils als
theoretisch remis, weil Schwarz den guten Läufer besitzt. Ich habe für dieses
Endspiel keinen Vorgänger finden können.} Kg8 42. Rd8+ Kf7 43. Rd7+ Kg8 44. h4
Bb2 45. Kf3 Bg7 46. Kf4 (46. Kg4 h5+ 47. Kf4 (47. gxh6 Bxh6 $11) 47... Bc3 48.
Ke4 Be1 49. Ke5 Bc3+ (49... Bxh4 50. Kf6 $18) 50. Ke6 Bb2 51. Rf7 Bc3 52. Rf6
Kg7 53. Ke7 Bb2 54. Rf7+ Kg8 {und es ist nicht zu sehen, wie Weiß weiterkommen
soll.}) 46... Bf8 (46... h5 $4 47. Rxg7+ Kxg7 48. Ke5 Kf7 49. Kd6 $18) 47. h5
$5 gxh5 48. Kg3 h6 $1 49. g6 Ba3 50. Kh4 Bc1 51. Kxh5 Bg5 52. Kg4 (52. g7 Kh7 {
und Schwarz verharrt. Er droht sogar Lg5-f6xg7:} 53. Rb7 Bf6 54. Rc7 Bxg7 55.
Ra7 Kg8 56. Kg6 Bf8 57. Ra8 h5 $1 $11 {Der Rettungszug, sonst wäre es aus.})
52... Bc1 53. Kf5 Bg5 54. Ke6 Bh4 (54... Bc1 55. Rh7 Bd2 56. g7 Bg5 {und nicht
Schwarz sondern Weiß müsste ziehen.}) 55. Rh7 Bg5 {[#] Ein Pattwitz rettet
Schwarz.} 56. g7 $1 h5 $22 57. Rxh5 Bf6 $3 58. Rh3 Bxg7 $11 59. Ke7 Bb2 60. Rb3
Bd4 61. Rd3 Bb2 62. Rg3+ Kh7 63. Ke6 Kh6 64. Kf5 Kh7 65. Rg6 Bc3 66. Kg5 Bb2
67. Kh5 Bc3 68. Rg2 Bd4 69. Rd2 Bc3 70. Rc2 Ba1 71. Rc7+ Kg8 72. Rd7 1/2-1/2

[Event "GER-ch 70th"]
[Site "Bremen"]
[Date "1998.11.06"]
[Round "1"]
[White "Knaak, Rainer"]
[Black "Jugelt, Tobias"]
[Result "1-0"]
[WhiteElo "2555"]
[BlackElo "2350"]
[Annotator "Knaak,R"]
[PlyCount "53"]
[EventDate "1998.11.06"]
[EventType "swiss"]
[EventRounds "9"]
[EventCountry "GER"]
[SourceTitle "CBM 068"]
[Source "ChessBase"]
[SourceDate "1999.02.01"]
[SourceVersion "1"]
[SourceVersionDate "1999.02.01"]
[SourceQuality "1"]

1. d4 {Ftacnik} Nf6 2. c4 g6 3. Nc3 d5 4. Nf3 Bg7 5. Qb3 dxc4 6. Qxc4 O-O 7. e4
c6 {Der Zug ist spielbar.} 8. Be2 Bg4 $6 (8... b5 {ist üblich.}) 9. Be3 Qa5 $6
10. O-O Nbd7 11. b4 $1 {Ich vermutete ein Übersehen, aber es war Absicht von
Jugelt, dies zuzulassen.} Qc7 {Ftacnik: 'Black's position is solid, but the
central structure with c6,e7 pawns against d4,e4 pair can never promise
complete equality.'} (11... Qh5 {Ftacnik} 12. h3 Be6 13. Qd3 Nb6 14. Ne5 Qh4
15. Rac1 $14) 12. Rac1 Rac8 13. Qd3 (13. h3 {Ftacnik} Bxf3 14. Bxf3 e5 $14)
13... Rfd8 14. Qb1 Qb8 (14... e5 {Ftacnik} 15. Nb5 Qb8 16. Nxa7 $1 Rc7 (16...
Qxa7 17. dxe5 $16) 17. dxe5 Bxf3 18. gxf3 $16) 15. Ng5 $5 Bxe2 (15... h6 {
Ftacnik} 16. f3 Bh5 17. Nxf7 Kxf7 18. g4 $14) 16. Nxe2 e5 $2 {Ftacnik: 'A
serious mistake in the critical moment of the game. Given the chance white
would love to launch a severe attack.'} (16... h6 17. Nh3 (17. Nf3 {Ftacnik} e6
$13) 17... e5 18. f3 {und Weiß steht ein wenig besser, aber es ist noch eine
normale Partie.}) (16... Ng4 {Ftacnik} 17. Bf4 e5 18. Qb3 Nh6 (18... Rf8 19.
Qh3 Nh6 20. Qxd7 exf4 21. Rfd1 $14) 19. Bg3 $14) 17. f4 $1 (17. Qb3 {Ftacnik}
Rf8 18. dxe5 Qxe5 19. f4 Qe7 20. e5 Nd5 21. Bxa7 f6 22. exf6 Bxf6 $14) 17...
exd4 (17... Ng4 18. fxe5 (18. Qb3 {Ftacnik} Nxe3 (18... Rf8 19. fxe5 $18) 19.
Nxf7 Nd5 20. Nxd8 $18) 18... Nxe3 19. Qb3 Nxe5 20. Qxe3 Ng4 21. Qh3 h5 22. e5)
18. Bxd4 h6 (18... Re8 {Ftacnik} 19. Qb3 Re7 20. e5 Nd5 21. Nc3 $14) 19. Nxf7
$1 {[%mdl 512] Ftacnik: 'Material is invested only temporarily, but the pawn
shield around black king will be weaker forever. ' Da hab' ich nicht lange
dran überlegt. Die Figur wird ja auch gleich zurückgewonnen.} (19. Nf3 {Ftacnik
} Re8 $13) 19... Kxf7 20. e5 Re8 $1 (20... Nd5 21. e6+ Kxe6 (21... Kg8 22. exd7
Rxd7 23. Qxg6 $18) 22. Qxg6+ $1 Bf6 23. Nc3 Rg8 24. Rce1+ Kd6 25. Be5+ Nxe5 26.
fxe5+ Kd7 27. Qf5+ $18) 21. exf6 Bxf6 (21... Nxf6 {Ftacnik} 22. f5 g5 23. Qb3+
Nd5 24. f6 Rxe2 25. fxg7+ Kg8 26. Qd3 $18) 22. f5 $1 {[%mdl 512] Ftacnik:
'Knaak is in his heart great attacking player, with piece sacrifice he
benefits from exposed nature of black king.' Bis zum Schluß durchgerechnet.}
Rxe2 (22... g5 23. Qb3+ Kg7 24. Bxf6+ Nxf6 25. Nd4 $18 {Es ist ausgeschlossen,
daß Schwarz so etwas längere Zeit überleben kann.}) (22... Bxd4+ {Ftacnik} 23.
Nxd4 g5 24. f6 $1 $18) 23. fxg6+ Kg7 24. Rxf6 {'!' Ftacnik.} Nxf6 25. Bxf6+
Kxf6 26. Rf1+ Ke5 (26... Kg7 27. Rf7+ Kg8 28. Qb3 $1 $18 {Dieser Zug mußte bei
22.f5 unbedingt gesehen werden.}) 27. Qf5+ 1-0

[Event "NED-ch52"]
[Site "Rotterdam"]
[Date "1997.07.02"]
[Round "10"]
[White "Piket, Jeroen"]
[Black "Timman, Jan H"]
[Result "0-1"]
[WhiteElo "2640"]
[BlackElo "2630"]
[Annotator "Kortschnoj,V"]
[PlyCount "80"]
[EventDate "1997.06.21"]
[EventType "tourn"]
[EventRounds "11"]
[EventCountry "NED"]
[EventCategory "12"]
[SourceTitle "CBM 060"]
[Source "ChessBase"]
[SourceDate "1997.09.29"]
[SourceVersion "1"]
[SourceVersionDate "1997.09.29"]
[SourceQuality "1"]

1. d4 {VanderWiel Ftacnik} Nf6 2. c4 g6 3. Nc3 d5 4. Nf3 Bg7 5. Qb3 dxc4 6.
Qxc4 O-O 7. e4 a6 8. e5 b5 9. Qb3 Nfd7 10. Be3 (10. h4 {Van der Wiel}) 10... c5
11. e6 (11. Qd5 $5 Ra7 12. dxc5) 11... cxd4 $1 $146 (11... c4 12. exf7+ Rxf7
13. Qd1 Nb6 $13) 12. exf7+ (12. exd7 {Ftacnik} dxe3 (12... Qxd7 13. Rd1 Nc6 $44
(13... e5 $44 {Van der Wiel})) 13. dxc8=Q exf2+ 14. Kxf2 Qb6+ 15. Ke1 Rxc8 $44)
(12. Bxd4) (12. Nxd4) 12... Rxf7 13. Bxd4 (13. Ng5 Ne5 (13... Qf8 {Ftacnik} 14.
Nxf7 Qxf7 15. Qxf7+ (15. Nd5 e6 $19) 15... Kxf7 $17) (13... e6 $2 14. Qxe6 (14.
Nxe6 Qe7) 14... Qe7 (14... Ne5 {Van der Wiel}) 15. Qxf7+ Qxf7 16. Nxf7 Kxf7 17.
Ne4 dxe3 18. Rc1 Bb7 19. Nd6+ Ke7 20. Nxb7 $16) 14. Nxf7 Nxf7 15. Rd1 Nc6 16.
Ne4 Na5 $44) (13. Nxd4 {Ftacnik} Nc5 14. Qd5 Qxd5 15. Nxd5 Nbd7 $11) 13... Bxd4
14. Nxd4 Nc5 15. Qd5 (15. Qd1 {Ftacnik} Ra7 $5 16. Nf3 Rd7 $15) (15. Qb4 $5 {
Van der Wiel}) 15... Qxd5 16. Nxd5 Nbd7 $1 $15 17. b4 $5 (17. Be2 Bb7 18. Ne3
Na4 19. b3 Nc3 20. Bf3 $15) (17. Rd1 {Ftacnik} Bb7 18. Ne3 e5 $11) (17. Rc1 {
Van der Wiel}) 17... Bb7 (17... Na4 $2 18. Nc7 Ra7 19. Rc1 $14) (17... Ne4 {
Ftacnik} 18. f3 Nef6 19. Nc7 $14) 18. Nc3 (18. Nc7 {Ftacnik} Rc8 19. Ncxb5 axb5
20. bxc5 Rxc5 $11) 18... e5 $1 19. Ndxb5 axb5 20. bxc5 b4 21. Nb5 {/\ Bc4} (21.
Nd1 {Ftacnik} Rf4 (21... Nxc5 $2 22. Bc4 $16) 22. Ne3 Nxc5 23. Bc4+ $11) 21...
Rf4 22. Rc1 (22. Nd6 {Ftacnik} Bd5 23. Rc1 Rxa2 24. c6 Nb6 $15) 22... Re4+ (
22... Rxa2 {Ftacnik} 23. c6 (23. Bc4+ $2 Rxc4 24. Rxc4 Ra1+ 25. Ke2 Rxh1 26. c6
Bxc6 27. Rxc6 b3 $17) 23... Bxc6 24. Rxc6 Re4+ 25. Kd1 Rxf2 26. Bc4+ $16) 23.
Kd1 (23. Be2 $2 {Ftacnik} Rxa2 24. O-O Rexe2 25. c6 Bc8 26. cxd7 Bxd7 $19)
23... Bc6 24. f3 (24. Nd6 {Van der Wiel}) 24... Rf4 25. Nd6 (25. Rc4 $2 {
Ftacnik} Bxb5 26. Rxf4 Ba4+ $19) 25... Rxa2 (25... Kg7 $5 26. Bb5 (26. Bc4 Nxc5
27. Ke2 Na4 $36) 26... Rd4+ 27. Ke1 Rxd6 $17) (25... Kf8 {Ftacnik} 26. Bc4 Nxc5
27. Ke2 $11) 26. Bc4+ Rxc4 27. Rxc4 (27. Nxc4 {Ftacnik} Rxg2 (27... Ba4+ {
Van der Wiel} 28. Ke1 Nxc5 29. Nxe5 Bc2 $19) 28. Nd2 b3 $17) 27... b3 (27...
Ba4+ 28. Kc1 (28. Ke1 {Van der Wiel} Ra1+ 29. Kf2 Rxh1 30. c6 Bxc6 31. Rxc6 b3
32. Rc8+ Kg7 33. Rc7 b2 34. Rxd7+ Kf8 $3 (34... Kf6 35. Ne4+ Ke6 (35... Kf5 36.
g4+) 36. Nc5+ $1) (34... Kh6 35. Nf7+ Kh5 36. Rb7 (36. Rd5 $5)) 35. Rf7+ Kg8
36. Rb7 b1=Q 37. Rxb1 Rxb1 38. Nc4 Rb5 39. Ke3 Kg7 $17) 28... Ra1+ 29. Kb2 Rxh1
30. c6 Nf8 (30... Bxc6 31. Rxc6 Rxh2 32. Rc7 (32. Rc8+ Nf8 $19) 32... Rxg2+ 33.
Kb3 Nf8 34. Ne4 $15) 31. c7 Bd7 32. h3 $15) 28. Re1 (28. Nc8 $2 {Ftacnik} Ra1+
29. Rc1 b2 $19) (28. Rf1 {Van der Wiel}) 28... Rxg2 29. Kc1 Rxh2 30. f4 $2 (30.
Rc3 $142 $5 $15 b2+ {Ftacnik} 31. Kb1 Rf2 32. Ree3 h5 33. Rc2 $15) (30. Re3
$142 $1 $44 {Van der Wiel}) 30... exf4 31. Re8+ Kg7 32. Re7+ (32. Rxf4 {Ftacnik
} Nxc5 $19) (32. Rc8 Ne5 $19) 32... Kf6 33. Rf7+ (33. Rxd7 {Ftacnik} b2+ 34.
Kb1 Bxd7 35. c6 Be6 36. c7 f3 $19) 33... Ke6 34. Rfxf4 Ne5 $1 (34... Nxc5 $143
35. Rxc5 Kxd6 36. Ra5 $1 $15) 35. Rcd4 (35. Rc3 Rc2+ (35... Bd5 $17 {Ftacnik})
36. Rxc2 Nd3+ 37. Kd2 bxc2 $19) 35... Rh3 (35... Rc2+ 36. Kb1 Nf3 $1 $19 37.
Rb4 $2 Nd2+ 38. Ka1 Ra2#) 36. Rf1 (36. Kb1 {Ftacnik} Nd3 37. Rf1 Ke5 $19) 36...
Rc3+ 37. Kb2 Rxc5 38. Nc8 $2 (38. Ne4 $142 $1 $17) (38. Kxb3 {Ftacnik} Rd5 $1 (
38... Bd5+ {Van der Wiel}) 39. Rh4 Kxd6 40. Rxh7 g5 $19) 38... Bd5 39. Rf8 $6 (
39. Nb6) 39... Nc4+ $19 40. Kxb3 (40. Kb1 Ke5 $19 (40... Ke5 {Ftacnik} 41. Rh4
Be4+ $19)) 40... Nd6+ 0-1

[Event "Biel GM"]
[Site "Biel"]
[Date "1999.07.27"]
[Round "9"]
[White "Piket, Jeroen"]
[Black "Avrukh, Boris"]
[Result "1-0"]
[WhiteElo "2635"]
[BlackElo "2588"]
[Annotator "Kortschnoj,V"]
[PlyCount "89"]
[EventDate "1999.07.19"]
[EventType "tourn"]
[EventRounds "10"]
[EventCountry "SUI"]
[EventCategory "14"]
[SourceTitle "CBM 072"]
[Source "ChessBase"]
[SourceDate "1999.10.01"]
[SourceVersion "1"]
[SourceVersionDate "1999.10.01"]
[SourceQuality "1"]

{[%mdl 2]} 1. d4 {Ftacnik} Nf6 2. c4 g6 3. Nc3 d5 4. Nf3 Bg7 5. Qb3 dxc4 6.
Qxc4 O-O 7. e4 a6 8. Be2 b5 9. Qb3 c5 10. dxc5 Be6 11. Qc2 Nc6 12. O-O Qc7 (
12... Nb4 13. Qb1 Qc7 14. a3 Nc6 15. b4 Ng4 16. Bb2 Nd4 17. g3 Nb3 18. Ra2 Ne5
19. Nd5 $16) 13. h3 $1 {Ftacnik: 'This line was giving an easy equality to
second players, but Piket shows the way to advantage.'} Nb4 14. Qb1 Qxc5 15.
Be3 (15. a3 {Ftacnik} Nc6 16. Be3 Qd6 17. Rd1 Qc7 18. Qc2 $14) 15... Qc8 16.
Rc1 Qb7 {Several black pieces are located awkwardly. Black needs two, three
moves to consolidate his position.} ({Here after} 16... Nc6 {black had to
reckon with} 17. Ng5 (17. e5 {Ftacnik} Bf5 18. Bd3 Bxd3 19. Qxd3 Rd8 20. Qc2
Nd5 21. Nxd5 Rxd5 22. Bd4 $14) 17... Bd7 (17... Bc4 18. Bxc4 bxc4 19. Na4 {
and white wins a pawn.}) 18. Nd5 (18. e5 {- black is in defensive.})) 17. Nd4
Bc4 (17... Bd7 18. Nb3 $14) 18. a3 (18. Bxc4 {Ftacnik} bxc4 19. b3 cxb3 20.
Nxb3 $11) 18... Nc6 $2 {Looking in retrospect, it is the decisive mistake.} ({
Better was} 18... Bxe2 19. Ncxe2 (19. axb4 Bc4 20. b3 Be6 21. Nxe6 fxe6 22. Ra2
$14) 19... e5 20. Nb3 $14 (20. Nb3 {Ftacnik} Nc6 21. Qc2 $14)) (18... e5 19.
Bxc4 exd4 20. Bxd4 bxc4 21. axb4 Qxb4 22. e5 Nd7 23. Nd5 Qb7 24. Qe4 {black's
position looks very unpleasant.}) 19. Nxc6 Qxc6 20. Bf3 $1 (20. e5 {Ftacnik}
Nd5 21. Nxd5 Qxd5 22. Bf3 Qxe5 23. Bxa8 Rxa8 24. b3 Be6 (24... Qxa1 25. Qe4 $16
) 25. Qd3 Qd6 $11) 20... Qd6 (20... e5 21. b3 Be6 22. Nd5 (22. Na4 {Ftacnik}
Qb7 23. Nc5 Qe7 24. Ra2 Rfd8 25. Rac2 $16) 22... Qb7 23. Nc7 Rac8 24. Nxe6 fxe6
25. Qb2 $16 {'+/=' Ftacnik.}) ({Or} 20... Qe6 21. b3 $1 Bxb3 22. e5 $1 Nd7 23.
Bg4 $18) 21. Rd1 (21. b3 {Ftacnik} Be6 22. e5 Qxe5 23. Bxa8 Bf5 24. Qb2 Rxa8
25. Qd2 $14) 21... Qe5 $6 (21... Qe6 {was more stubborn.}) (21... Qe6 {Ftacnik}
22. e5 Qxe5 23. Bxa8 Rxa8 24. Bd4 $16) 22. Bd4 Qe6 23. e5 Nd5 {Now black, it
seems, does not lose an exchange on a8, but something else happens...} 24. Ne4
$1 {The Bishop c4 is in danger! Ftacnik: 'Black pieces doesn't work
harmoniously and the bishop c4 is practically trapped. '} Nf4 (24... Bxe5 25.
Bxe5 Qxe5 26. b3 f5 27. bxc4 fxe4 28. Rxd5 Qf6 29. Bxe4 Qxf2+ 30. Kh1 $18) (
24... b4 {Ftacnik} 25. Nc5 Qc8 26. Qc2 Nb6 27. Bxa8 Qxa8 28. axb4 $18) 25. Nc5
Qf5 (25... Qc8 26. Qe4 Ne6 (26... g5 {Ftacnik} 27. Qxa8 Qxa8 28. Bxa8 Rxa8 29.
Kh1 $18) 27. Qxa8 $16) 26. Qxf5 gxf5 27. Bxa8 Ne2+ 28. Kh1 Rxa8 (28... Nxd4 {
Ftacnik} 29. Bb7 Nb3 30. Nxb3 Bxb3 31. Rd2 $18) 29. Nd7 $1 {White is playing
with utmost accuracy - pawn e5 must be protected.} Be6 (29... Rd8 {Ftacnik} 30.
Bc5 $18) 30. Bc5 Re8 31. g3 $1 {Knight e2 is trapped. White threatens with
Kg2-f3.} Bh6 (31... Bxd7 {Ftacnik} 32. Rxd7 Bxe5 33. Re1 Bd6 34. Bb4 $1 $18)
32. Kg2 Nc1 (32... Bb3 {Ftacnik} 33. f4 Bxd1 34. Rxd1 Bxf4 35. Kf3 Bxg3 36.
Kxe2 $18) 33. Bxe7 $1 $18 {Coup de grace! Ftacnik: 'Impressive combination in
order to start mating attack with limited forces.'} Rxe7 (33... Nb3 {Ftacnik}
34. Nf6+ $18) 34. Nf6+ Kg7 35. Rd8 Bd2 (35... Bg5 36. h4 $18 (36. f4 {Ftacnik}
Bxf6 (36... Nb3 37. Rg8+ Kh6 38. fxg5#) 37. exf6+ Kxf6 38. Rxc1 $18)) 36. Rxd2
(36. f4 {Ftacnik} Nb3 (36... h5 37. Rxd2 Nb3 38. Rad1 Nxd2 39. Rxd2 $18) 37.
Rg8+ Kh6 38. Rh1 $1 Nd4 39. Ng4+ fxg4 40. hxg4#) 36... Nb3 37. Rd8 {Ftacnik:
'White has a clear idea about the final of this game, black king has to be
cornered.'} (37. Rad1 {Ftacnik} Nxd2 38. Rxd2 $16) 37... Nxa1 38. Rg8+ Kh6 39.
g4 fxg4 40. hxg4 Bxg4 (40... Bd5+ 41. Kg3 Rxe5 42. f4 $18) 41. Nxg4+ Kh5 42.
Nf6+ Kh6 43. f4 Nc2 44. Ng4+ Kh5 45. Kg3 {Mate is inavoidable.} 1-0

[Event "EU-ch 6th"]
[Site "Warsaw"]
[Date "2005.06.20"]
[Round "3"]
[White "Beliavsky, Alexander G"]
[Black "Kurnosov, Igor"]
[Result "1-0"]
[WhiteElo "2630"]
[BlackElo "2550"]
[Annotator "Kortschnoj,V"]
[PlyCount "109"]
[EventDate "2005.06.18"]
[EventType "swiss"]
[EventRounds "13"]
[EventCountry "POL"]
[SourceTitle "CBM 108"]
[Source "ChessBase"]
[SourceDate "2005.09.26"]
[SourceVersion "1"]
[SourceVersionDate "2005.09.26"]
[SourceQuality "1"]

1. d4 {Krasenkow,M} Nf6 2. c4 g6 3. Nc3 d5 4. Nf3 Bg7 5. Qb3 dxc4 6. Qxc4 O-O
7. e4 Na6 8. Be2 c5 9. d5 e6 10. O-O exd5 11. exd5 Nb4 {Out of all applicable
moves here - 11...Re8, Bf5, Qb6, b6 - black choses one with the worst
reputation!} 12. Bg5 {The best. After 12...b6 13.Qh4 white, according to the
theoretical book, has a clear edge.} Nbxd5 {Krasenkow,M: 'This line was
examined in detail in CBM104, annotations to Bareev-Svidler.'} 13. Rfd1 (13.
Rad1 {Krasenkow,M} Nxc3 14. Rxd8 Nxe2+ 15. Qxe2 Rxd8 16. Qe7 Be6 $1 17. Bxf6
Rd7 $1 18. Qxc5 Bxf6 19. b3 b6 20. Qe3 Rd5 21. h3 Rad8 22. Re1 Kg7 {1/2-1/2
Bareev,E-Svidler,P/Moscow 2004/CBM 104/[Krasenkow]}) 13... Nxc3 {The only move
- otherwise black loses a piece.} 14. Rxd8 Nxe2+ 15. Qxe2 Rxd8 16. Qe7 Be6 $1 {
Perhaps the last move of the home preparation. Black has a slight advantage in
development.} 17. Qxb7 (17. Qxc5 $6 {would not promise much due to} Ne4) (17.
Bxf6 $6 {would be met by} Rd7) 17... Rdb8 (17... Bxa2 $5 {Krasenkow,M} 18. b3
h6 19. Bh4 g5 20. Bg3 c4 $11) 18. Qc6 Rc8 19. Qa6 (19. Qa4 $5) 19... Nd5 20.
Re1 ({Certainly} 20. Bc1 Nb4 21. Qa4 {temporarily protecting all pawns, looks
too passive and would be punished by active play of black.}) 20... Nb4 21. Qd6
Bxa2 {Black has captured a pawn and almost equalised the material balance on
the board. Still, due to the activity of his pieces white has a slight edge 
(rook a8 is still not in play!) Krasenkow,M: 'Black is not worse but White is
stronger!'} 22. h4 ({After an immediate (and logical) move} 22. Qd2 {the
following variation could happen:} Bd5 23. Ne5 f6 24. Nd3 Nxd3 25. Qxd3 Rd8 26.
Bf4 Bxg2 27. Qc4+ Bd5 28. Qxc5 Rd7 {with an about equal play.}) 22... h6 $1 {
Good move - if the bishop retreats along the diagonal c1-h6, then after Rd8,
followed by Nd3, black captures the initiative. But on e7 it may become also a
target for the black pieces.} 23. Be7 Rc6 {The computer suggests Bxb2. But let
us not to be greedy at the moment when there are some other problems in the
position.} 24. Qd2 a5 {Preventing Bxc5.} 25. Bd8 {A new threat - Bxa5.} Rcc8 (
25... a4 $5 {Krasenkow,M}) 26. Be7 (26. Bb6 {looks too adventurous because of
many reasons, for instance} Bd5) (26. Re8+ Kh7 27. h5 {loses a piece after} Nc6
) 26... Bd5 $6 ({Black had to continue} 26... Rc6 {, after all black sixth
rank is vulnerable. Not being afraid of, say} 27. h5 g5 28. Bd8 {Then after}
Bf8 29. Re8 Re6 {he had a sufficient defence.}) 27. Ne5 Be6 $4 {'?' Krasenkow,
M. It seems, in time trouble he took the right piece in a wrong moment.
Krasenkow,M: 'A strange blunder.'} ({Perhaps he had in mind} 27... Ra7 $1 28.
Ng4 Be6 {Then after} 29. Nf6+ ({Still, after} 29. Rxe6 $1 fxe6 30. Bf6 {
black's position looks unattractive.}) 29... Kh8 30. Bxc5 Rac7 {black having
lost a pawn consolidates his position and has still good chances for a draw.})
(27... Ra6 $44 {Krasenkow,M with an excellent position for Black.}) 28. Nxg6
$16 Nd5 29. Bd6 Rc6 30. Rxe6 {'!' Krasenkow,M. Krasenkow,M: 'A deep decision.
White gives up his material advantage but gets rid of Black's strong g7 bishop
and weakens the position of the black king.'} (30. Ne7+ $143 {Krasenkow,M} Nxe7
31. Bxe7 a4 $44 {[%csl Ga4,Rb2]}) 30... fxe6 31. Be5 Rcc8 (31... a4 {Krasenkow,
M} 32. Qc2 Rcc8 33. Bxg7 Kxg7 34. Ne5 $16) 32. Bxg7 (32. Qe2 $5 {Krasenkow,M})
32... Kxg7 33. Ne5 {Krasenkow,M: 'With his weak king and pawns Black has no
chances to survive.'} Rf8 34. Nd7 Rf5 35. Nxc5 Re8 36. Qxa5 $18 Re7 37. Qa6 Nf4
38. b4 {The game is over. The next 20 moves could be spared - black simply had
no courage to resign.} Kf7 39. Qa1 Ne2+ 40. Kf1 Nf4 41. Qh8 h5 42. g3 Nd5 43.
Qh7+ Ke8 44. Qg6+ Rff7 45. b5 Kd8 46. Nxe6+ Kc8 47. Qc2+ Rc7 48. Qd2 Rcd7 49.
Qg5 Nf6 50. Qc5+ Kb8 51. Qb6+ Ka8 52. Nc5 Rd1+ 53. Kg2 Ng4 54. Qc6+ Kb8 55.
Qe8+ 1-0